Case Of Kidney Problems in canines at animal hospital, sangkat phsar demthkov, khan chamkamorn, phnom penh, ករណីបញ្ហាតម្រងនោម លើសុនខ នៅមន្ទីពេទ្យសត្វ ក្នុងសង្កាត់ផ្សារដើមថ្កូវ ខណ្ឌចំការមន រាជធានីភ្នំពេញ (Record no. 25692)

000 -LEADER
fixed length control field 00668nam a22001217a 4500
040 ## - CATALOGING SOURCE
Transcribing agency RUA
082 ## - DEWEY DECIMAL CLASSIFICATION NUMBER
Classification number DVM SEA 2025 B707 Or.1
100 ## - MAIN ENTRY--AUTHOR NAME
Personal name SEAN CHIVORN, សៀន ជីវន្ត័
245 ## - TITLE STATEMENT
Title Case Of Kidney Problems in canines at animal hospital, sangkat phsar demthkov, khan chamkamorn, phnom penh, ករណីបញ្ហាតម្រងនោម លើសុនខ នៅមន្ទីពេទ្យសត្វ ក្នុងសង្កាត់ផ្សារដើមថ្កូវ ខណ្ឌចំការមន រាជធានីភ្នំពេញ
260 ## - PUBLICATION, DISTRIBUTION, ETC. (IMPRINT)
Place of publication PHNOM PENH
Name of publisher RUA
Year of publication 2025
300 ## - PHYSICAL DESCRIPTION
Number of Pages xi,49p.
Other physical details ill.
Dimensions 29cm.
942 ## - ADDED ENTRY ELEMENTS (KOHA)
Koha item type MGR
952 ## - LOCATION AND ITEM INFORMATION (KOHA)
Withdrawn status [LOCAL, KOHA] 0
952 ## - LOCATION AND ITEM INFORMATION (KOHA)
Withdrawn status [LOCAL, KOHA] 0
Holdings
Permanent Location Date acquired Koha item type Lost status Shelving location Barcode Current Location Full call number
Library Block B2026-04-20MGR B707B712023Library Block BDVM SEA 2025 B707 Or.1
Library Block B2026-04-20MGR B707B7121028Library Block BDVM SEA 2025 B707 Or.2
មជ្ឈមណ្ឌលឯការនៃសាកលវិទ្យាល័យភូមិន្ទកសិកម្មចំការដូង

Powered by Koha